|
|
|
|
| LEADER |
00000nam a2200000 a 4500 |
| 001 |
vtls001413387 |
| 003 |
SK-MaSNL |
| 005 |
20260302035123.0 |
| 008 |
240314sm y0 PL ac r 0 pol |
| 020 |
|
|
|a 8386417366
|c [78,00]
|
| 035 |
|
|
|a SNK000368110
|
| 040 |
|
|
|a SNK
|b slo
|c SNK
|e AACR2
|
| 044 |
|
|
|a PL
|
| 072 |
|
7 |
|a 929
|2 konspekt
|
| 080 |
|
|
|a 929
|2 1981
|
| 100 |
1 |
|
|a Krzyżanowski, Julian,
|d 1892-1976
|4 aut
|9 635325
|
| 245 |
1 |
0 |
|a Sienkiewicz a Warszawa
|c Julian Krzyżanowski
|
| 260 |
|
|
|a Warszawa
|b Typografika
|c 2000
|
| 300 |
|
|
|a 63 s., [8] s. fotogr. príl.
|c 21 cm
|
| 500 |
|
|
|a Vyd. Fundacja Sienkiewiczowska
|
| 600 |
1 |
7 |
|a Sienkiewicz, Henryk,
|d 1846-1916
|2 SNK
|9 86198
|
| 650 |
0 |
7 |
|a biografie
|2 konspekt
|9 111226
|
| 651 |
|
7 |
|a Varšava (Poľsko)
|2 SNKPH
|9 25460
|
| 655 |
|
7 |
|a biografie
|2 SNK
|9 27965
|
| 919 |
|
|
|a 83-86417-36-6
|
| 999 |
|
|
|c 1069331
|d 1071261
|
| 952 |
|
|
|t P60, <04>, [BOOK], {604}
|a SNK
|b SNK
|y VYP
|7 0
|p 17A0353914
|o snkIC 130163
|i snkV 887/2002
|0 0
|1 0
|4 0
|d 2002-08-21
|l 0
|r 2005-01-02 00:00:00
|w 2026-02-24
|